[Event "Rilton Cup 2010-11"]
[Site "Stockholm SWE"]
[Date "2010.12.29"]
[Round "3"]
[White "Forsberg, Viktor"]
[Black "Wenzel, Birger"]
[Result "0-1"]
[WhiteElo "2255"]
[BlackElo "2060"]
[WhiteFideId "1707914"]
[BlackFideId "4657497"]
[EventDate "2010.12.27"]

1. e4 e5 2. Nf3 Nc6 3. Bb5 a6 4. Ba4 Nf6 5. O-O Be7 6. Bxc6 dxc6 7. d3 Nd7 8.
Nbd2 f6 9. Nc4 Nc5 10. b3 Bg4 11. Ne3 Bh5 12. Nf5 Ne6 13. Ng3 Bf7 14. Be3 c5 15.
Kh1 Qd7 16. Ng1 O-O-O 17. N1e2 h5 18. f4 exf4 19. Nxf4 Nxf4 20. Bxf4 g6 21. Ne2
h4 22. Ng1 Be6 23. Qd2 g5 24. Be3 g4 25. Rae1 h3 26. gxh3 f5 27. Qe2 fxe4 28.
dxe4 g3 29. Rd1 Bd6 30. Bg5 Rdg8 31. h4 Rxg5 32. hxg5 Rxh2+ 33. Qxh2 gxh2 34.
Nf3 Bh3 35. Rf2 Qg4 36. Rd3 Qxe4 37. g6 Qxg6 38. Nxh2 Qe4+ 39. Kg1 Bf5 40. Nf3
c4 0-1

[Event "Rilton Cup 2010-11"]
[Site "Stockholm SWE"]
[Date "2010.12.29"]
[Round "3"]
[White "Czarnota, Dorota"]
[Black "Cederstam-Barsk, Carl"]
[Result "1-0"]
[WhiteTitle "WIM"]
[WhiteElo "2229"]
[BlackElo "2020"]
[WhiteFideId "1122410"]
[BlackFideId "1713329"]
[EventDate "2010.12.27"]

1. e4 c6 2. d4 d5 3. Nc3 dxe4 4. Nxe4 Bf5 5. Ng3 Bg6 6. h4 h6 7. Nf3 Nd7 8. h5
Bh7 9. Bd3 Bxd3 10. Qxd3 e6 11. Bd2 Ngf6 12. O-O-O Be7 13. Qe2 O-O 14. Ne5 Qb6
15. Ng6 Rfe8 16. Nxe7+ Rxe7 17. Rh4 e5 18. Nf5 Re6 19. Qf3 Kh8 20. g4 Nh7 21.
Bc3 Ng5 22. Qg2 Qa6 23. dxe5 Nc5 24. Bd4 Nce4 25. f3 c5 26. fxe4 cxd4 27. a3
Rxe5 28. Rxd4 Qe6 29. Rh1 Qa2 30. c3 Rc8 31. Qc2 Rce8 32. Nd6 R8e7 33. Rhd1 Nf3
34. Rb4 b6 35. Qd3 Qa1+ 36. Qb1 Qxb1+ 37. Kxb1 Rg5 38. Nf5 Rc7 39. Rd8+ Kh7 40.
Ne3 Re7 41. Rc4 Rc5 42. Rb4 g6 43. Nd5 Rb7 44. Nf6+ Kg7 45. e5 1-0

[Event "Rilton Cup 2010-11"]
[Site "Stockholm SWE"]
[Date "2010.12.29"]
[Round "3"]
[White "Frisk, Ellinor"]
[Black "Bouaraba, Max"]
[Result "1-0"]
[WhiteTitle "WFM"]
[WhiteElo "2126"]
[BlackElo "2219"]
[WhiteFideId "1708481"]
[BlackFideId "4635973"]
[EventDate "2010.12.27"]

1. e4 c5 2. Nf3 Nc6 3. d4 cxd4 4. Nxd4 Qb6 5. Nb3 Nf6 6. Nc3 e6 7. Qe2 Bb4 8.
Bd2 O-O 9. a3 Bxc3 10. Bxc3 e5 11. O-O-O d6 12. Rxd6 Be6 13. Ba5 Qxb3 14. cxb3
Nxa5 15. Qe3 Nxb3+ 16. Kb1 Rfd8 17. Rxd8+ Rxd8 18. Bd3 Ng4 19. Qxa7 Nd4 20. Rf1
Nxh2 21. Rc1 Ng4 22. Qb6 Rf8 23. Qxb7 Nxf2 24. Bc4 Bg4 25. Rf1 Bc8 26. Bxf7+ Kh8
27. Qe7 1-0

[Event "Rilton Cup 2010-11"]
[Site "Stockholm SWE"]
[Date "2010.12.29"]
[Round "3"]
[White "Hobber, Anders"]
[Black "Olander, Aleksi"]
[Result "1/2-1/2"]
[WhiteElo "2196"]
[BlackElo "1990"]
[WhiteFideId "1505424"]
[BlackFideId "504963"]
[EventDate "2010.12.27"]

1. Nf3 Nf6 2. g3 e6 3. Bg2 d5 4. O-O c5 5. c4 Nc6 6. cxd5 exd5 7. d4 cxd4 8.
Nxd4 Be7 9. Nc3 O-O 10. b3 Qb6 11. Nxc6 bxc6 12. Na4 Qb5 13. Nc3 Qa5 14. Bd2 Bb4
15. a3 Bxc3 16. b4 Qb5 17. Bxc3 Bg4 18. f3 Bh5 19. Bxf6 gxf6 20. e3 a5 21. Qd4
axb4 22. axb4 Rxa1 23. Rxa1 1/2-1/2

[Event "Rilton Cup 2010-11"]
[Site "Stockholm SWE"]
[Date "2010.12.29"]
[Round "3"]
[White "Bazeev, German"]
[Black "Bryntze, Stefan"]
[Result "1-0"]
[WhiteElo "2334"]
[BlackElo "2135"]
[WhiteFideId "24119350"]
[BlackFideId "1709100"]
[EventDate "2010.12.27"]

1. d4 Nf6 2. Nf3 c5 3. d5 d6 4. Nc3 g6 5. e4 Bg7 6. Be2 Na6 7. O-O O-O 8. h3 Nc7
9. a4 Bd7 10. Bf4 a6 11. e5 Nfe8 12. a5 Nb5 13. Na4 Nd4 14. Nb6 Nxf3+ 15. Bxf3
dxe5 16. Be3 Rb8 17. Bxc5 Nd6 18. Be2 Qc7 19. Ba3 Rfe8 20. c4 Nf5 21. Bg4 Rbd8
22. h4 h5 23. Bh3 Bf6 24. Re1 Bxh4 25. Nxd7 Qxd7 26. Rxe5 e6 27. Qf3 Qc7 28. Re4
Bf6 29. Rae1 Bg7 30. Bxf5 gxf5 31. Rh4 exd5 32. Rc1 Re4 33. Rxh5 Rxc4 34. Rxc4
dxc4 35. Rxf5 Rd3 36. Qe2 Qd7 37. Rh5 Rd5 38. Rh3 Rd1+ 39. Kh2 Rd3 40. Rh4 Qb5
41. f4 c3 42. Qe4 1-0

[Event "Rilton Cup 2010-11"]
[Site "Stockholm SWE"]
[Date "2010.12.29"]
[Round "3"]
[White "Olund, Joar"]
[Black "Winge, Stefan"]
[Result "0-1"]
[WhiteElo "2035"]
[BlackElo "2290"]
[WhiteFideId "1714848"]
[BlackFideId "1700898"]
[EventDate "2010.12.27"]

1. d4 Nf6 2. c4 g6 3. Nc3 d5 4. Nf3 Bg7 5. cxd5 Nxd5 6. e4 Nxc3 7. bxc3 O-O 8.
Be2 b6 9. O-O Bb7 10. Qd3 c5 11. Be3 Nd7 12. Rad1 cxd4 13. cxd4 Rc8 14. Bg5 Re8
15. Qe3 Qc7 16. Bb5 a6 17. Ba4 b5 18. Bb3 e6 19. Rfe1 Nb6 20. Bh6 Nc4 21. Bxc4
bxc4 22. Bxg7 Kxg7 23. Ne5 f6 24. Ng4 Qe7 25. e5 f5 26. Nf6 Red8 27. Rc1 Bd5 28.
Rc3 Rc7 29. Rec1 Rb8 30. h4 h6 31. Qf4 Rcb7 32. Rg3 Qf8 33. Nxd5 exd5 34. Re3
Rb1 35. Rxb1 Rxb1+ 36. Kh2 Rb6 37. e6 Qb8 38. Qxb8 Rxb8 39. e7 Kf7 40. Re5 Rc8
41. f3 f4 42. g3 Ke8 43. gxf4 c3 44. Re1 c2 45. Rc1 Kxe7 46. Kg3 Kf6 47. Kf2 Kf5
48. Ke3 a5 49. a4 Rc4 50. Kd3 Kxf4 51. Kd2 Rxd4+ 0-1

[Event "Rilton Cup 2010-11"]
[Site "Stockholm SWE"]
[Date "2010.12.29"]
[Round "3"]
[White "Thiborg, Jesper"]
[Black "Kudzma, Laimonas"]
[Result "0-1"]
[WhiteElo "2020"]
[BlackElo "2232"]
[WhiteFideId "1711954"]
[BlackFideId "12803545"]
[EventDate "2010.12.27"]

1. d4 d5 2. Nf3 c6 3. Bf4 Bf5 4. Nbd2 Qb6 5. Qc1 Nf6 6. h3 e6 7. g4 Bg6 8. Bg2
Ne4 9. c3 Nxd2 10. Nxd2 Nd7 11. e4 Be7 12. O-O O-O 13. Be3 f5 14. exf5 exf5 15.
f4 fxg4 16. hxg4 Bd3 17. Rf2 Rae8 18. Nf3 Be4 19. Qd2 Nf6 20. Ne5 Bxg2 21. Rxg2
Bd6 22. Qe1 Qd8 23. Qh4 Ne4 24. g5 Bxe5 25. dxe5 g6 26. Rh2 Re7 27. Rd1 Qd7 28.
Qh3 Qxh3 29. Rxh3 b5 30. Rd3 Rg7 31. Kg2 a5 32. Rh1 Kf7 33. Re1 Ke6 34. b3 Rgf7
35. Rh1 c5 36. Rhd1 Rd7 37. Bc1 Rff7 38. Re1 b4 39. c4 Nc3 0-1

[Event "Rilton Cup 2010-11"]
[Site "Stockholm SWE"]
[Date "2010.12.29"]
[Round "3"]
[White "Wiander, Michael"]
[Black "Pettersson, Anders"]
[Result "1/2-1/2"]
[WhiteElo "2158"]
[BlackElo "2127"]
[WhiteFideId "1702580"]
[BlackFideId "1709771"]
[EventDate "2010.12.27"]

1. c4 c5 2. Nc3 Nc6 3. g3 e5 4. Bg2 d6 5. a3 a5 6. Rb1 g6 7. Nd5 Bg7 8. d3 h6 9.
b4 axb4 10. axb4 cxb4 11. Bd2 Nge7 12. Nxb4 Nxb4 13. Bxb4 Nc6 14. Bc3 O-O 15. e3
h5 16. h3 h4 17. g4 e4 18. Bxg7 Kxg7 19. Bxe4 Ra2 20. Nf3 Qa5+ 21. Kf1 Ne5 22.
Qe1 Qa3 23. Nxe5 dxe5 24. Qb4 Qa6 25. g5 f6 26. Qe7+ Rf7 27. gxf6+ Qxf6 28.
Qxf6+ Rxf6 29. Rh2 b6 30. Re1 g5 31. Re2 Ra1+ 32. Kg2 Kh6 33. Rb2 Bd7 34. Rc2
Ba4 35. Rd2 Bd7 36. Bf3 b5 37. cxb5 Bxb5 38. Be2 Bd7 39. Bg4 Bxg4 40. hxg4 Ra4
41. f3 Ra1 42. Kf2 Kg6 43. Ke2 Kf7 44. Rf2 Rg1 45. Rd1 Rg3 46. d4 exd4 47. Rxd4
Ra6 48. Rd2 Ke6 49. Kd3 Ra4 50. Rc2 Ra3+ 51. Rc3 Rxc3+ 52. Kxc3 h3 53. Kd3 Rg2
54. Rf1 h2 55. Rh1 Ke5 56. Kc3 Rf2 57. Kd3 Rg2 1/2-1/2

[Event "Rilton Cup 2010-11"]
[Site "Stockholm SWE"]
[Date "2010.12.30"]
[Round "4"]
[White "Shimanov, Aleksandr"]
[Black "Volkov, Sergey"]
[Result "1/2-1/2"]
[WhiteTitle "GM"]
[BlackTitle "GM"]
[WhiteElo "2516"]
[BlackElo "2594"]
[WhiteFideId "4198603"]
[BlackFideId "4122763"]
[EventDate "2010.12.27"]

1. c4 e5 2. Nc3 Bb4 3. Nf3 Bxc3 4. bxc3 d6 5. g3 f5 6. Bg2 Nf6 7. O-O O-O 8. Rb1
Qe7 9. Ne1 Nbd7 10. d3 c6 11. Nc2 Nb6 12. Bd2 Be6 13. f4 exf4 14. Rxf4 d5 15.
cxd5 Bxd5 16. Rxf5 Bxa2 17. Ra1 Bb3 18. e4 Qd7 19. Be3 Nbd5 20. Bd4 Nb4 21. Qb1
Bxc2 22. Qxb4 Bxd3 23. Bxf6 Rxf6 24. Rxf6 gxf6 25. Rd1 c5 26. Qxc5 Qb5 27. Qd6
Bc4 28. Qxf6 Qc5+ 29. Qf2 Qxf2+ 30. Kxf2 b5 31. Ke3 a5 32. Bf1 Bxf1 33. Rxf1 b4
34. cxb4 axb4 35. Rb1 Rb8 36. Kd4 Kf7 37. Kc4 1/2-1/2

[Event "Rilton Cup 2010-11"]
[Site "Stockholm SWE"]
[Date "2010.12.30"]
[Round "4"]
[White "Gleizerov, Evgeny"]
[Black "Grandelius, Nils"]
[Result "0-1"]
[WhiteTitle "GM"]
[BlackTitle "GM"]
[WhiteElo "2572"]
[BlackElo "2525"]
[WhiteFideId "4101332"]
[BlackFideId "1710400"]
[EventDate "2010.12.27"]

1. d4 Nf6 2. c4 g6 3. Nc3 d5 4. cxd5 Nxd5 5. Bd2 Bg7 6. e4 Nb6 7. Be3 O-O 8. h3
e5 9. Nf3 exd4 10. Bxd4 Be6 11. Bxg7 Kxg7 12. Qd4+ f6 13. Be2 Qe7 14. O-O Nc6
15. Qe3 Rad8 16. b3 a6 17. Rfe1 Rfe8 18. Bf1 Bf7 19. Rac1 Qb4 20. Nh2 Qd4 21.
Qg3 Qd6 22. f4 g5 23. Ne2 Rxe4 24. fxg5 fxg5 25. Qxg5+ Qg6 26. Qc5 Nd5 27. Qf2
Qf6 28. Nf3 Rde8 29. Ng3 Rxe1 30. Rxe1 Rxe1 31. Qxe1 Bg6 32. Qd2 Nce7 33. Bc4
Qc3 34. Qd1 c6 35. Kh2 b5 36. Bxd5 Nxd5 37. Ng5 Qe5 38. Qg4 Nf6 39. Qh4 Nh5 40.
b4 Nxg3 41. Qxg3 Kf6 42. Nf3 Qxg3+ 43. Kxg3 Ke6 44. Kf4 Kd5 45. g4 c5 46. bxc5
Kxc5 47. h4 b4 48. h5 Bf7 49. Ke3 a5 50. Ne5 a4 51. Kd2 a3 52. Nd3+ Kb5 53. Kc2
Bxa2 54. g5 Bf7 55. Nf4 b3+ 56. Kc3 b2 57. Kc2 Ba2 0-1

[Event "Rilton Cup 2010-11"]
[Site "Stockholm SWE"]
[Date "2010.12.30"]
[Round "4"]
[White "Berg, Emanuel"]
[Black "Smith, Axel"]
[Result "0-1"]
[WhiteTitle "GM"]
[BlackTitle "IM"]
[WhiteElo "2627"]
[BlackElo "2448"]
[WhiteFideId "1704060"]
[BlackFideId "1707930"]
[EventDate "2010.12.27"]

1. d4 d5 2. c4 dxc4 3. Nc3 a6 4. e3 b5 5. a4 b4 6. Qf3 Ra7 7. Bxc4 e6 8. Nce2
Nf6 9. e4 Bb7 10. Bd3 c5 11. Be3 Nbd7 12. Rd1 Qa5 13. b3 cxd4 14. Bxd4 Bc5 15.
Bb2 Qc7 16. Qg3 Qxg3 17. Nxg3 O-O 18. N1e2 Bb6 19. f3 Raa8 20. Bc4 Rfd8 21. Nf4
Kf8 22. e5 Nd5 23. Bxd5 Bxd5 24. Nxd5 exd5 25. Nf5 Rac8 26. Nd6 Rc2 27. Rd2 Rxb2
28. Rxb2 Nxe5 29. Re2 Nd3+ 30. Kd2 Nf4 31. Nb7 Rd7 32. Re5 Rxb7 33. Rc1 Rc7 34.
Rce1 f6 35. Re8+ Kf7 36. g3 Bf2 37. gxf4 Bxe1+ 38. Rxe1 Rc3 39. f5 Rxb3 40. Re6
Rxf3 41. Rxa6 Rxf5 42. Ra7+ Kg6 43. Rb7 Rf2+ 44. Ke3 Rxh2 45. Rxb4 h5 46. Rd4 h4
47. Kf3 Kh5 48. Rxd5+ g5 49. Rf5 Kg6 50. Ra5 f5 51. Ra8 Rh3+ 52. Kf2 Ra3 53. a5
Kh5 54. a6 Kg4 0-1

[Event "Rilton Cup 2010-11"]
[Site "Stockholm SWE"]
[Date "2010.12.30"]
[Round "4"]
[White "Semcesen, Daniel"]
[Black "Berczes, David"]
[Result "1/2-1/2"]
[WhiteTitle "IM"]
[BlackTitle "GM"]
[WhiteElo "2449"]
[BlackElo "2526"]
[WhiteFideId "1706993"]
[BlackFideId "722960"]
[EventDate "2010.12.27"]

1. d4 d5 2. c4 e6 3. Nf3 Nf6 4. Nc3 c6 5. cxd5 exd5 6. Qc2 g6 7. Bg5 Bg7 8. e4
dxe4 9. Bxf6 Bxf6 10. Qxe4+ Qe7 11. Bc4 Bf5 12. Qxe7+ Kxe7 13. O-O-O Nd7 14. h3
h5 15. Rhe1+ Kf8 16. Ne4 Bxe4 17. Rxe4 Nb6 18. Bb3 Rd8 19. Ne5 Nd5 20. Nc4 Kg7
21. Ne3 Nxe3 22. fxe3 Bg5 23. Rd3 Rhe8 24. Rxe8 Rxe8 25. Kd2 f5 26. d5 cxd5 27.
Bxd5 b6 28. Bf3 Kh6 29. a4 Be7 30. Rd7 a5 31. Kd3 Bc5 32. e4 Kg5 33. exf5 Kxf5
34. Rf7+ Kg5 35. Kc4 Re1 36. b3 Re3 37. Bd5 Re5 1/2-1/2

[Event "Rilton Cup 2010-11"]
[Site "Stockholm SWE"]
[Date "2010.12.30"]
[Round "4"]
[White "Sokolov, Ivan"]
[Black "Akesson, Ralf"]
[Result "1-0"]
[WhiteTitle "GM"]
[BlackTitle "GM"]
[WhiteElo "2642"]
[BlackElo "2434"]
[WhiteFideId "14400030"]
[BlackFideId "1700120"]
[EventDate "2010.12.27"]

1. d4 Nf6 2. c4 e6 3. Nc3 Bb4 4. e3 O-O 5. Bd3 d5 6. cxd5 exd5 7. Bd2 Re8 8.
Nge2 Bd6 9. Rc1 a6 10. Qb3 c6 11. f3 Nbd7 12. O-O b5 13. Bb1 Nb6 14. e4 b4 15.
Nd1 dxe4 16. fxe4 Nxe4 17. Qxf7+ Kh8 18. Bxe4 Rxe4 19. Bg5 Qg8 20. Rxc6 Qxf7 21.
Rxf7 Rxe2 22. Rxd6 Be6 23. Re7 Re1+ 24. Kf2 Rxd1 25. Rdxe6 Rf8+ 26. Ke2 Rg1 27.
Rf7 Rxg2+ 28. Kf3 Rxf7+ 29. Kxg2 h6 30. Rxb6 hxg5 31. Rxb4 Rf6 32. Kg3 Kh7 33.
d5 Rd6 34. Rd4 Kg6 35. Kg4 Kf6 36. Rd2 1-0

[Event "Rilton Cup 2010-11"]
[Site "Stockholm SWE"]
[Date "2010.12.30"]
[Round "4"]
[White "Bellon Lopez, Juan Manuel"]
[Black "Macieja, Bartlomiej"]
[Result "0-1"]
[WhiteTitle "GM"]
[BlackTitle "GM"]
[WhiteElo "2394"]
[BlackElo "2636"]
[WhiteFideId "2200031"]
[BlackFideId "1104306"]
[EventDate "2010.12.27"]

1. d4 e6 2. Nf3 c5 3. e3 Nf6 4. c4 cxd4 5. exd4 d5 6. Nc3 Bb4 7. a3 Bxc3+ 8.
bxc3 O-O 9. Qc2 h6 10. Ne5 Nc6 11. Be2 Bd7 12. O-O Rc8 13. Rb1 dxc4 14. Nxd7
Qxd7 15. Bxc4 Qc7 16. Rd1 Rfd8 17. Qa4 Ng4 18. g3 Nxd4 19. Bf1 b5 20. Bxb5 Nxb5
21. Rxd8+ Rxd8 22. Qxg4 Nxc3 23. Bf4 e5 24. Bxh6 f5 25. Qf3 Nxb1 26. Bg5 Nd2 27.
Qd1 Qd6 28. Bxd8 Qxd8 29. Qa4 Nf3+ 30. Kg2 Nd4 0-1

[Event "Rilton Cup 2010-11"]
[Site "Stockholm SWE"]
[Date "2010.12.30"]
[Round "4"]
[White "Furhoff, Johan"]
[Black "Ivanov, Sergey"]
[Result "1-0"]
[WhiteTitle "IM"]
[BlackTitle "GM"]
[WhiteElo "2365"]
[BlackElo "2536"]
[WhiteFideId "1701797"]
[BlackFideId "4101375"]
[EventDate "2010.12.27"]

1. e4 e6 2. d4 d5 3. Nd2 c5 4. exd5 Qxd5 5. Ngf3 cxd4 6. Bc4 Qd6 7. O-O Nf6 8.
Nb3 Nc6 9. Nfxd4 Nxd4 10. Nxd4 a6 11. b3 Qc7 12. Qe2 Bd6 13. Nf5 Bxh2+ 14. Kh1
O-O 15. Nxg7 Qe5 16. Bh6 Bf4 17. Qxe5 Bxe5 18. Rae1 Bc3 19. Re3 Bd2 20. Ne8 Nxe8
21. Rg3+ Ng7 22. Bxd2 b5 23. Bh6 bxc4 24. Bxg7 f5 25. Bxf8+ Kxf8 26. bxc4 e5 27.
Rd1 Be6 28. c5 Kf7 29. a3 Rc8 30. Rc3 e4 31. c6 Rc7 32. Rc5 Kf6 33. Rd4 h5 34.
g3 Bc8 35. Kg1 Be6 36. Kf1 Bc8 37. Ke2 Be6 38. Ke3 Bc8 39. Rd6+ Kg5 40. Re5 h4
41. gxh4+ Kxh4 42. Kf4 Kh3 43. Rg6 Rh7 44. Rg3+ Kh2 45. Re8 Rh4+ 46. Kg5 1-0

[Event "Rilton Cup 2010-11"]
[Site "Stockholm SWE"]
[Date "2010.12.30"]
[Round "4"]
[White "Hillarp Persson, Tiger"]
[Black "Straeter, Timo"]
[Result "1-0"]
[WhiteTitle "GM"]
[BlackTitle "FM"]
[WhiteElo "2528"]
[BlackElo "2325"]
[WhiteFideId "1700812"]
[BlackFideId "4621964"]
[EventDate "2010.12.27"]

1. c4 e5 2. g3 Nc6 3. Nc3 Nf6 4. Bg2 Bb4 5. Nd5 O-O 6. a3 Bc5 7. b4 Bd4 8. Rb1
d6 9. e3 Bb6 10. Nxf6+ Qxf6 11. Ne2 Bg4 12. O-O Bf3 13. Bxf3 Qxf3 14. Nc3 Qf5
15. d3 Qd7 16. Qf3 Rab8 17. Rd1 Kh8 18. Bb2 f5 19. Nd5 Ne7 20. c5 dxc5 21. Nxb6
axb6 22. Bxe5 Nd5 23. bxc5 bxc5 24. Rbc1 Qc6 25. Rd2 Rbd8 26. d4 c4 27. Rdc2 c3
28. Rxc3 Nxc3 29. Qxc6 bxc6 30. Rxc3 Rd7 31. Rxc6 Ra8 32. Rc3 Ra7 33. h3 Kg8 34.
g4 fxg4 35. hxg4 Re7 36. Kg2 Kf7 37. f4 Ke6 38. f5+ Kd7 39. Kf3 c6 40. g5 Rf7
41. Ke4 g6 42. f6 Rf8 43. Rb3 Ke6 44. Rb6 Kd7 45. Kf4 Rf7 46. Rb3 Ke6 47. Rc3
Ra6 48. Ke4 Rd7 49. Bf4 Rd5 50. Rb3 Rda5 51. Rb8 Ra8 52. Rb6 R8a7 53. d5+ 1-0

[Event "Rilton Cup 2010-11"]
[Site "Stockholm SWE"]
[Date "2010.12.30"]
[Round "4"]
[White "Urkedal, Frode"]
[Black "Getz, Nicolai"]
[Result "1/2-1/2"]
[WhiteTitle "FM"]
[WhiteElo "2438"]
[BlackElo "2317"]
[WhiteFideId "1506102"]
[BlackFideId "1505572"]
[EventDate "2010.12.27"]

1. d4 Nf6 2. Nf3 e6 3. c4 d5 4. Nc3 Be7 5. Bg5 h6 6. Bh4 O-O 7. e3 Ne4 8. Bxe7
Qxe7 9. Rc1 c6 10. Bd3 Nxc3 11. Rxc3 dxc4 12. Bxc4 Nd7 13. O-O b6 14. e4 Bb7 15.
Re1 Rfd8 16. Qc2 Qd6 17. a3 c5 18. dxc5 Nxc5 19. b4 Nd7 20. Rd3 Qc7 21. Nd4 Nf8 1/2-1/2

[Event "Rilton Cup 2010-11"]
[Site "Stockholm SWE"]
[Date "2010.12.30"]
[Round "4"]
[White "Ulibin, Mikhail"]
[Black "Groetz, Harald"]
[Result "1-0"]
[WhiteTitle "GM"]
[BlackTitle "IM"]
[WhiteElo "2552"]
[BlackElo "2314"]
[WhiteFideId "4101405"]
[BlackFideId "1605607"]
[EventDate "2010.12.27"]

1. e4 e5 2. Nf3 Nc6 3. Bb5 Bc5 4. O-O Nf6 5. Nxe5 Nxe5 6. d4 c6 7. dxe5 Nxe4 8.
Bd3 Nxf2 9. Rxf2 Bxf2+ 10. Kxf2 Qh4+ 11. Kg1 Qd4+ 12. Kh1 Qxe5 13. Nd2 d5 14.
Nf3 Bg4 15. Bd2 Bxf3 16. Qxf3 O-O 17. Bc3 Qg5 18. Bb4 Rfe8 19. Rf1 f6 20. Bd6
Re3 21. Qd1 Re6 22. Bf4 1-0

[Event "Rilton Cup 2010-11"]
[Site "Stockholm SWE"]
[Date "2010.12.30"]
[Round "4"]
[White "Karlsson, Lars"]
[Black "Czarnota, Dorota"]
[Result "1-0"]
[WhiteTitle "GM"]
[BlackTitle "WIM"]
[WhiteElo "2466"]
[BlackElo "2229"]
[WhiteFideId "1700057"]
[BlackFideId "1122410"]
[EventDate "2010.12.27"]

1. b3 d5 2. Bb2 Nf6 3. e3 Bf5 4. f4 c5 5. Bb5+ Bd7 6. Qe2 g6 7. Bxf6 exf6 8. Nc3
Bc6 9. Nf3 Bg7 10. Qd3 O-O 11. Bxc6 bxc6 12. f5 Qc8 13. O-O Qa6 14. Na4 c4 15.
Qd4 Nd7 16. e4 Rfd8 17. exd5 cxd5 18. Kh1 Ne5 19. Qf2 Rac8 20. Nd4 g5 21. Rae1
Re8 22. Nc3 Rcd8 23. Nf3 Nxf3 24. Qxf3 Rxe1 25. Rxe1 d4 26. Nd5 cxb3 27. axb3
Bf8 28. c4 Kg7 29. Qe4 Bc5 30. b4 Qxc4 31. Nxf6 Bxb4 32. Qe5 Kh6 33. Ng4+ Kh5
34. Qg3 1-0

[Event "Rilton Cup 2010-11"]
[Site "Stockholm SWE"]
[Date "2010.12.30"]
[Round "4"]
[White "Lindberg, Bosse"]
[Black "Ostling, Hakan"]
[Result "1-0"]
[WhiteElo "2404"]
[BlackElo "2207"]
[WhiteFideId "1705997"]
[BlackFideId "1708635"]
[EventDate "2010.12.27"]

1. d4 f5 2. Bg5 h6 3. Bh4 g5 4. e4 Nf6 5. e5 e6 6. Bg3 f4 7. Bxf4 gxf4 8. Nh3
Nd5 9. Qh5+ Ke7 10. c4 Nb4 11. Qg6 d5 12. Nxf4 Qe8 13. a3 N4c6 14. Qf6+ Kd7 15.
cxd5 Nxd4 16. dxe6+ Nxe6 17. Nc3 Nxf4 18. O-O-O+ Bd6 19. Rxd6+ cxd6 20. Qxd6# 1-0

[Event "Rilton Cup 2010-11"]
[Site "Stockholm SWE"]
[Date "2010.12.30"]
[Round "4"]
[White "Hedstrom, Johan"]
[Black "Luukkonen, Tommi"]
[Result "0-1"]
[BlackTitle "FM"]
[WhiteElo "2043"]
[BlackElo "2309"]
[WhiteFideId "1714813"]
[BlackFideId "501808"]
[EventDate "2010.12.27"]

1. g3 d5 2. f4 h5 3. Nf3 h4 4. Nxh4 Rxh4 5. gxh4 e5 6. Bg2 Qxh4+ 7. Kf1 Nf6 8.
Qe1 Qxf4+ 9. Kg1 Nc6 10. e3 Qg5 11. a3 e4 12. d4 exd3 13. cxd3 Ne5 14. Qg3 Qxg3
15. hxg3 Nxd3 16. Nc3 Be6 17. Bf1 Bf5 18. Rh8 O-O-O 19. Bxd3 Bxd3 20. Bd2 c5 21.
Re1 Kd7 22. Bc1 c4 23. Kg2 Kc6 24. Ne2 b5 25. Bd2 Ng4 26. Nd4+ Kb6 27. Ba5+ Kxa5
28. Nc6+ Ka4 29. Nxd8 Bc5 30. Nc6 Nxe3+ 31. Kf3 Be4+ 32. Ke2 Nc2 33. Rd1 d4 34.
Nb4 d3+ 35. Nxd3 Nd4+ 36. Ke3 Bxd3 37. Rxd3 Nb3+ 38. Ke4 cxd3 39. Kxd3 g5 40. g4
Bd4 41. Kc2 0-1

[Event "Rilton Cup 2010-11"]
[Site "Stockholm SWE"]
[Date "2010.12.30"]
[Round "4"]
[White "Wenzel, Birger"]
[Black "Arman, Deniz"]
[Result "1-0"]
[WhiteElo "2060"]
[BlackElo "2297"]
[WhiteFideId "4657497"]
[BlackFideId "6302106"]
[EventDate "2010.12.27"]

1. d4 Nf6 2. c4 c5 3. d5 b5 4. Nd2 Qa5 5. Qc2 bxc4 6. e4 Ba6 7. Nf3 e6 8. Bxc4
exd5 9. exd5 Bxc4 10. Qxc4 Qa6 11. b3 Qd6 12. O-O Qxd5 13. Re1+ Be7 14. Bb2 Qxc4
15. Nxc4 Kd8 16. Nfe5 Rf8 17. Rad1 Ne8 18. Ne3 f6 19. Nd3 Rf7 20. Nd5 Bd6 21.
Rc1 Nc6 22. Nxc5 Bxc5 23. Rxc5 Nc7 24. Nf4 Rb8 25. Rd1 Kc8 26. Bc1 Rb5 27. Rc2
Re7 28. Be3 Rbe5 29. Rcd2 f5 30. h4 g6 31. Kh2 Ra5 32. Rc1 Kb7 33. Nd3 Rd5 34.
Nc5+ Kc8 35. Rdc2 Ne6 36. Nxd7 Kxd7 37. Rxc6 Ra5 38. a4 f4 39. Bd2 Rh5 40. Bb4
Re8 41. Rd6+ Ke7 42. Re1 Kf6 43. Ra6 Rxh4+ 44. Kg1 f3 45. Bc3+ Kf7 46. Rxa7+ Re7
47. Rxe7+ Kxe7 48. g3 Rh5 49. Re3 Rf5 50. b4 Kd7 51. Re5 Rf8 52. Bd2 Rc8 53. Re4
Rc2 54. Be3 Ra2 55. a5 Ra4 56. g4 Nd8 57. Bf4 Nf7 58. g5 Nd8 59. Bg3 Ne6 1-0

[Event "Rilton Cup 2010-11"]
[Site "Stockholm SWE"]
[Date "2010.12.30"]
[Round "4"]
[White "Winge, Stefan"]
[Black "Lindgren, Philip"]
[Result "1-0"]
[WhiteElo "2290"]
[BlackElo "2091"]
[WhiteFideId "1700898"]
[BlackFideId "1713230"]
[EventDate "2010.12.27"]

1. e4 c5 2. Nf3 d6 3. d4 cxd4 4. Nxd4 Nf6 5. Nc3 g6 6. f3 Bg7 7. Be3 Nc6 8. Qd2
O-O 9. O-O-O d5 10. exd5 Nxd5 11. Nxc6 bxc6 12. Bd4 e5 13. Bc5 Be6 14. Ne4 Re8
15. Bc4 h6 16. Bb3 Qc7 17. Bd6 Qd8 18. c4 Nb6 19. Qc3 Nd7 20. g4 f5 21. gxf5
gxf5 22. Nc5 Nxc5 23. Bxc5 Qg5+ 24. Kb1 Red8 25. Rdg1 Qf6 26. f4 Kf7 27. Bd1 Kg8
28. fxe5 Qh4 29. b3 Kh8 30. Bc2 Rd7 31. Rg6 Re8 32. Qg3 Qxg3 33. hxg3 Bf7 34.
Rxc6 Rxe5 35. Bd6 Re2 36. Rc8+ Kh7 37. c5 Bg6 38. Bf4 Rde7 39. Rd8 Rf2 40. c6
Ree2 41. Rc1 1-0

[Event "Rilton Cup 2010-11"]
[Site "Stockholm SWE"]
[Date "2010.12.30"]
[Round "4"]
[White "Logdahl, Harald"]
[Black "Jansson, Anders O."]
[Result "1-0"]
[WhiteTitle "FM"]
[WhiteElo "2257"]
[BlackElo "2171"]
[WhiteFideId "1702734"]
[BlackFideId "1703277"]
[EventDate "2010.12.27"]

1. e4 c5 2. Nc3 Nc6 3. g3 g6 4. Bg2 Bg7 5. d3 d6 6. Nge2 e5 7. O-O Nge7 8. f4
exf4 9. Bxf4 O-O 10. Qd2 Nd4 11. Nxd4 cxd4 12. Nb5 Be5 13. Bh6 Re8 14. Qf2 Be6
15. Nxd4 Bxd4 16. Qxd4 Rc8 17. Qg7# 1-0